00429nam a2200121Ia 4500008004100000020001800041050002400059100002100083245008000104260004900184300006700233521000700300140609s9999 xx 000 0 und d a9781859646779 aPE 1301b.P558 2011 aPhillips, Terry. aProgressive skills in english :bworkbook /cTerry Phillips, Anna Phillips, aUnited Kingdom :bGarnet Publishing,cc2011. a89 p. :bill. ;c28 cm.e+ 1 sounds disc (digital ; 4 3/4 in). aGE